Gruppi di Cinque #1 - Statistics

Statistiche generali
  • Questo quiz è stato fatto 4.049 volte
  • Il punteggio medio è 27 su 60
Statistiche sulle risposte
Group Risposta % Corretto
Regioni italiane a "Statuto speciale" Sardegna
91%
Regioni italiane a "Statuto speciale" Sicilia
91%
Regioni italiane a "Statuto speciale" Trentino - Alto Adige
90%
Regioni italiane a "Statuto speciale" Valle d'Aosta
90%
Regioni italiane a "Statuto speciale" Friuli - Venezia Giulia
88%
Maggiori metropoli del Sud America Buenos Aires
78%
Scimmie più grandi Gorilla
77%
Maggiori metropoli del Sud America Rio de Janeiro
72%
Maggiori isole dei Caraibi Cuba
69%
Primi cinque libri delle Bibbia Genesi
69%
Nazioni sul Mar Caspio Russia
67%
Scimmie più grandi Scimpanze
66%
Fasi dell'elaborazione del lutto A{ccettazione}
63%
Fasi dell'elaborazione del lutto N{egazione}
62%
Nazioni sul Mar Caspio Kazakistan
60%
Scimmie più grandi Orango
60%
Nazioni sul Mar Caspio Azerbagian
57%
Maggiori isole dei Caraibi Giamaica
57%
Nazioni sul Mar Caspio Iran
56%
Maggiori metropoli del Sud America Bogotá
55%
Nazioni sul Mar Caspio Turkmenistan
54%
Maggiori metropoli del Sud America San Paolo
53%
Maggiori metropoli del Sud America Lima
50%
Primi numeri in tedesco Zwei
50%
Primi numeri in tedesco Eins
48%
Posizioni nel Basket Centro
47%
Primi numeri in tedesco Drei
46%
Primi numeri in tedesco Funf
44%
Fasi dell'elaborazione del lutto R{abbia}
42%
Posizioni nel Basket Playmaker
40%
Membri dei Pooh (2016) Roby Facchinetti
40%
Spice Girls Posh
39%
Primi numeri in tedesco Vier
39%
Primi cinque libri delle Bibbia Esodo
38%
Pilastri dell'Islam Preghiera
36%
Pilastri dell'Islam Digiuno durante il Ramadan
35%
Posizioni nel Basket Guardia tiratrice
35%
Pilastri dell'Islam Pellegrinaggio alla Mecca
34%
Maggiori isole dei Caraibi Trinidad
33%
Posizioni nel Basket Ala grande
30%
Posizioni nel Basket Ala piccola
30%
Fasi dell'elaborazione del lutto D{epressione}
27%
Primi cinque libri delle Bibbia Deuteronomio
27%
Maggiori isole dei Caraibi Puerto Rico
27%
Membri dei Pooh (2016) Red Canzian
27%
Membri dei Pooh (2016) Riccardo Fogli
26%
Primi cinque libri delle Bibbia Numeri
25%
Maggiori isole dei Caraibi Hispaniola
22%
Primi cinque libri delle Bibbia Levitico
22%
Membri dei Pooh (2016) Dodi Battaglia
20%
Pilastri dell'Islam Elemosina
20%
Spice Girls Sporty
19%
Spice Girls Ginger
18%
Spice Girls Scary
18%
Membri dei Pooh (2016) Stefano D'Orazio
18%
Scimmie più grandi Bonobo
17%
Spice Girls Baby
16%
Scimmie più grandi Uomo
16%
Pilastri dell'Islam Testimonianza di fede
15%
Fasi dell'elaborazione del lutto C{ontrattazione}
11%
Nessun quiz corrispondente trovato
Distribuzione punteggi
Percentuale di utenti per punteggio
Percentile per numero di risposta
I tuoi punteggi nel tempo
Non hai fatto questo quiz